000
00388nam a2200133Ia 4500
008
230917s9999||||xx |||||||||||||| ||und||
040
_e
166931
_a
MAIN
041
_a
English
082
_a
891.432741 SD64K
100
_a
सिन्हा, दया प्रकाश
245
0
_a
कथा एक कंस की
260
_a
दिल्ली
_b
अक्षर
_c
1976
942
_c
HN
999
_c
205188
_d
205188